| 000 | 00967nam a2200277 a 4500 | ||
|---|---|---|---|
| 001 | |||
| 003 | DO-SdBNP | ||
| 005 | 20220901101802.0 | ||
| 008 | 110330t2019 dr ac r 000 0bspa d | ||
| 020 | _a9789945007282 | ||
| 040 |
_aDO-SdBNP _bspa _cBPMSU |
||
| 082 |
_a923.27293 _bD812b 2019 _222 |
||
| 100 | 1 |
_a Balaguer, Joaquín, _d1906-2002 _92 |
|
| 245 | 1 | 3 |
_aEl cristo de la libertad / _cJoaquín Balaguer. |
| 250 | _a10a. ed. | ||
| 260 |
_aSanto Domingo ; _bFundación Joaquín Balaguer _c2019 |
||
| 300 |
_a206 p. : _bil., retrs. ; _c15 cm. |
||
| 500 | _aIncluye referencias bibliográficas y notas al pie de las páginas | ||
| 500 | _aIncluye datos biográficos del autor en la solapa de la cubierta | ||
| 590 | _6Inventariado, 2022/VM | ||
| 600 | 1 | 4 |
_aDuarte, Juan Pablo, _d1813-1876 |
| 651 | 4 |
_aRepública Dominicana _xHistoria _y1844-1930 |
|
| 710 | 2 | _aFundación Joaquín Balaguer (República Dominicana) | |
| 910 | _aVMateo V. | ||
| 942 |
_2ddc _cBK |
||
| 999 |
_c13936 _d13936 |
||